| 000 | 00900nam a22002177a 4500 | ||
|---|---|---|---|
| 999 |
_c399 _d399 |
||
| 003 | AR-CdUCM | ||
| 008 | 190223b ||||| |||| 00| 0 spa d | ||
| 040 |
_aMUNICIPALIDAD PROVINCIAL DEL CUSCO _cBIBLIOTECA MUNICIPAL DEL CUSCO |
||
| 082 |
_a918.5 / _bR68 |
||
| 100 |
_aRiva Aguero, José de la _9396 |
||
| 245 |
_aPaisajes peruanos / _cRiva Aguero, José de la ; Porras Barrenechea, Raúl (estudio preliminar) |
||
| 260 |
_aLima - Perú : _bImprenta Santa María, _c1955. |
||
| 300 |
_a202 páginas ; _c23 cm. |
||
| 505 | _aLa llanura de Anta -- Paso del río Apurimac -- La quebrada del Pampas -- Las ruinas de Vilcas -- Excursión a Quinua y al campo de batalla -- Riberas del Mantaro ... | ||
| 650 |
_aLiteratura. _983 |
||
| 650 |
_aPaisaje. _91600 |
||
| 650 |
_aViajes. _9856 |
||
| 700 |
_aPorras Barrenechea, Raúl (estudio preliminar) _91601 |
||
| 942 |
_2ddc _cLIBROS |
||
| 945 |
_aachl _d2019-02-23 |
||